| 000 | 004340000a22001810004500 | ||
|---|---|---|---|
| 003 | MACL | ||
| 005 | 20160202115115.0 | ||
| 008 | 160202b xxu||||| |||| 00| 0 eng d | ||
| 040 |
_aMACL _cMACL |
||
| 041 | _aHindi | ||
| 082 | _a900 | ||
| 100 |
_aNCRT _936428 |
||
| 245 | _aहमारे अतीत- 2 | ||
| 260 |
_bNCRT _c2007 _aमथूरा |
||
| 350 | _a30 | ||
| 650 |
_aइतिहास _936429 |
||
| 942 |
_cHIN _k900 _2ddc |
||
| 999 |
_c45526 _d45526 |
||